000 nam a22 a 4500
999 _c3131
_d3131
005 20170519122008.0
008 170519b1973 - ||||| |||| 00| 0 eng d
020 _a434912565
040 _aAKMAL
082 _a658.3 MOR
090 _a658.3
_bMOR
245 _aPRINCIPLES AND PRACTICE OF JOB EVALUATION
_cJ.WALKER MORRIS
260 _bWILLIAM HEINEMANN LTD
_c1973
300 _a194pg,;
_c20 cm
650 _aHUMAN RESOURCE
_96354
942 _2ddc
_cBOOK